[Event "Verbandsliga Suedbaden 1415"]
[Site "Baden"]
[Date "2015.03.01"]
[Round "7.2"]
[White "Ciara, Daniel"]
[Black "Grandadam, Nicolas"]
[Result "1/2-1/2"]
[WhiteElo "2034"]
[BlackElo "2309"]
[PlyCount "31"]
[EventDate "2014.10.12"]
[EventType "team-tourn"]
[EventRounds "9"]
[EventCountry "GER"]
[SourceTitle "EXT 2022"]
[Source "ChessBase"]
[SourceDate "2021.10.06"]
[SourceVersion "1"]
[SourceVersionDate "2021.10.06"]
[SourceQuality "1"]
[WhiteTeam "Oberwinden"]
[BlackTeam "Dreilaendereck"]
[WhiteTeamCountry "GER"]
[BlackTeamCountry "GER"]

1. d4 d5 2. c4 e6 3. Nc3 Bb4 4. Nf3 Nf6 5. e3 c5 6. cxd5 exd5 7. dxc5 0-0 8. Be2 Nc6 9. 0-0 Bxc5 10. a3 a6 11. b4 Ba7 12. Qc2 Bg4 13. Rd1 Rc8 14. Bb2 Qe8 15. b5 axb5 16. Ng5 1/2-1/2

[Event "Verbandsliga Suedbaden 1415"]
[Site "Baden"]
[Date "2015.02.08"]
[Round "6.3"]
[White "Ciara, Daniel"]
[Black "Zeiler, Klaus"]
[Result "1/2-1/2"]
[WhiteElo "2034"]
[BlackElo "2035"]
[PlyCount "21"]
[EventDate "2014.10.12"]
[EventType "team-tourn"]
[EventRounds "9"]
[EventCountry "GER"]
[SourceTitle "EXT 2022"]
[Source "ChessBase"]
[SourceDate "2021.10.06"]
[SourceVersion "1"]
[SourceVersionDate "2021.10.06"]
[SourceQuality "1"]
[WhiteTeam "Oberwinden"]
[BlackTeam "Konstanz"]
[WhiteTeamCountry "GER"]
[BlackTeamCountry "GER"]

1. d4 e6 2. c4 b6 3. Nf3 Bb7 4. g3 Bb4+ 5. Nc3 Nf6 6. Bg2 0-0 7. 0-0 a5 8. Bf4 Bxc3 9. bxc3 d6 10. Rb1 Nbd7 11. Nd2 1/2-1/2

[Event "Verbandsliga Suedbaden 1415"]
[Site "Baden"]
[Date "2015.01.25"]
[Round "5.4"]
[White "Ciara, Daniel"]
[Black "Jehnichen, Guenther"]
[Result "1-0"]
[WhiteElo "2034"]
[BlackElo "2033"]
[PlyCount "77"]
[EventDate "2014.10.12"]
[EventType "team-tourn"]
[EventRounds "9"]
[EventCountry "GER"]
[SourceTitle "EXT 2022"]
[Source "ChessBase"]
[SourceDate "2021.10.06"]
[SourceVersion "1"]
[SourceVersionDate "2021.10.06"]
[SourceQuality "1"]
[WhiteTeam "Oberwinden"]
[BlackTeam "Gottmadingen"]
[WhiteTeamCountry "GER"]
[BlackTeamCountry "GER"]

1. d4 d5 2. c4 e6 3. Nc3 Be7 4. cxd5 exd5 5. Bf4 c6 6. e3 Bf5 7. Bd3 Bxd3 8. Qxd3 Nf6 9. Nf3 0-0 10. 0-0 Nbd7 11. h3 Re8 12. Rab1 a5 13. a3 Nf8 14. Ne5 Ng6 15. Nxg6 hxg6 16. Rfc1 Bd6 17. Bxd6 Qxd6 18. Qc2 g5 19. Qf5 Nh7 20. b4 axb4 21. axb4 Re6 22. b5 Rf6 23. Qe5 Qd7 24. Ra1 Re8 25. bxc6 bxc6 26. Ra7 Qc8 27. Qg3 Qf5 28. Na4 g4 29. hxg4 Qd3 30. Nc5 Qd2 31. Rca1 Rg6 32. Ra8 Rf8 33. Nd7 f5 34. Rxf8+ Nxf8 35. Nxf8 Kxf8 36. Ra8+ Kf7 37. Qc7+ Kf6 38. Qd6+ Kg5 39. Qf4+ 1-0

[Event "Verbandsliga Suedbaden 1415"]
[Site "Baden"]
[Date "2014.12.14"]
[Round "4.3"]
[White "Ciara, Daniel"]
[Black "Riehle, Marco"]
[Result "1/2-1/2"]
[WhiteElo "2034"]
[BlackElo "1950"]
[PlyCount "81"]
[EventDate "2014.10.12"]
[EventType "team-tourn"]
[EventRounds "9"]
[EventCountry "GER"]
[SourceTitle "EXT 2022"]
[Source "ChessBase"]
[SourceDate "2021.10.06"]
[SourceVersion "1"]
[SourceVersionDate "2021.10.06"]
[SourceQuality "1"]
[WhiteTeam "Oberwinden"]
[BlackTeam "Sasbach"]
[WhiteTeamCountry "GER"]
[BlackTeamCountry "GER"]

1. d4 d5 2. c4 e6 3. Nf3 c6 4. cxd5 exd5 5. Nc3 Bd6 6. Bg5 Qb6 7. Qd2 Bf5 8. e3 Nd7 9. Be2 h6 10. Bh4 Ngf6 11. 0-0 0-0 12. Bg3 Bxg3 13. hxg3 Rfe8 14. Bd3 Be4 15. Qc2 Rac8 16. Bxe4 Nxe4 17. Rfc1 Nxc3 18. Qxc3 Nf6 19. Nd2 Ne4 20. Nxe4 Rxe4 21. b4 h5 22. Qc5 h4 23. gxh4 Rxh4 24. g3 Rh6 25. Qxb6 axb6 26. a4 Ra8 27. a5 Ra6 28. axb6 Rxb6 29. Rcb1 Rh8 30. Kg2 g6 31. b5 Kg7 32. bxc6 Rxb1 33. Rxb1 bxc6 34. Rc1 Rc8 35. Kf3 f5 36. g4 Kf6 37. gxf5 Kxf5 38. Kg3 Rc7 39. f3 Ke6 40. Kg4 Kd6 41. Kg5 1/2-1/2

[Event "Verbandsliga Suedbaden 1415"]
[Site "Baden"]
[Date "2014.10.12"]
[Round "1.3"]
[White "Schmidt, Jens Uwe"]
[Black "Ciara, Daniel"]
[Result "1/2-1/2"]
[WhiteElo "2098"]
[BlackElo "2034"]
[PlyCount "36"]
[EventDate "2014.10.12"]
[EventType "team-tourn"]
[EventRounds "9"]
[EventCountry "GER"]
[SourceTitle "EXT 2022"]
[Source "ChessBase"]
[SourceDate "2021.10.06"]
[SourceVersion "1"]
[SourceVersionDate "2021.10.06"]
[SourceQuality "1"]
[WhiteTeam "Lahr"]
[BlackTeam "Oberwinden"]
[WhiteTeamCountry "GER"]
[BlackTeamCountry "GER"]

1. e4 c5 2. Nc3 d6 3. g3 Nf6 4. h3 e5 5. Bg2 Nc6 6. d3 h6 7. Nge2 Be7 8. a3 Nd4 9. 0-0 Bd7 10. f4 0-0 11. g4 b5 12. Ng3 Rc8 13. Nd5 Nxd5 14. exd5 b4 15. Ne4 f5 16. gxf5 exf4 17. Bxf4 Nxf5 18. Qd2 b3 1/2-1/2

[Event "Dresden ZMD op"]
[Site "Dresden"]
[Date "2010.07.15"]
[Round "6"]
[White "Ciara, Daniel"]
[Black "Seres, Lajos"]
[Result "1/2-1/2"]
[WhiteElo "1990"]
[BlackElo "2460"]
[PlyCount "49"]
[EventDate "2010.07.10"]
[EventType "swiss"]
[EventRounds "9"]
[EventCountry "GER"]
[SourceTitle "CBM 137 Extra"]
[Source "ChessBase"]
[SourceDate "2010.09.01"]
[SourceVersion "1"]
[SourceVersionDate "2010.09.01"]
[SourceQuality "1"]

1. d4 Nf6 2. Bg5 Ne4 3. Bf4 c5 4. f3 Nf6 5. d5 d6 6. e4 e5 7. Be3 Be7 8. c4 0-0 9. Nc3 Na6 10. Bd3 Bd7 11. Nge2 Nh5 12. Qd2 h6 13. g4 Bh4+ 14. Kd1 Nf6 15. Ng3 Nh7 16. Nf5 Bxf5 17. exf5 Ng5 18. Ke2 Nc7 19. Ne4 Nh3 20. Kf1 b5 21. b3 Bg5 22. Nxg5 hxg5 23. Kg2 Nf4+ 24. Bxf4 gxf4 25. h4 1/2-1/2

[Event "Dresden ZMD op"]
[Site "Dresden"]
[Date "2010.07.13"]
[Round "4"]
[White "Ciara, Daniel"]
[Black "Schirmer, Werner"]
[Result "1-0"]
[WhiteElo "1990"]
[BlackElo "2087"]
[PlyCount "69"]
[EventDate "2010.07.10"]
[EventType "swiss"]
[EventRounds "9"]
[EventCountry "GER"]
[SourceTitle "CBM 137 Extra"]
[Source "ChessBase"]
[SourceDate "2010.09.01"]
[SourceVersion "1"]
[SourceVersionDate "2010.09.01"]
[SourceQuality "1"]

1. d4 Nf6 2. Bg5 g6 3. Bxf6 exf6 4. e3 d5 5. g3 Bg7 6. Bg2 0-0 7. Nd2 f5 8. Ne2 c6 9. c4 Be6 10. Nf4 Re8 11. cxd5 Bxd5 12. Nxd5 cxd5 13. 0-0 Qa5 14. Nb3 Qd8 15. Nc5 Nd7 16. Nxd7 Qxd7 17. Qb3 Rad8 18. Rac1 b6 19. Rc2 g5 20. Bh3 g4 21. Bg2 Re6 22. Rfc1 Qd6 23. Rc7 f4 24. gxf4 Rh6 25. Qc3 Qg6 26. Rc8 Rf8 27. Qb4 Rh5 28. R1c6 Qb1+ 29. Rc1 Qg6 30. Qe7 Qh6 31. Rxf8+ Bxf8 32. Rc8 a5 33. a4 Qg7 34. Qd7 Rh3 35. Rxf8+ 1-0

[Event "Dresden ZMD op"]
[Site "Dresden"]
[Date "2010.07.12"]
[Round "3"]
[White "Urban, Thomas"]
[Black "Ciara, Daniel"]
[Result "0-1"]
[WhiteElo "1463"]
[BlackElo "1990"]
[PlyCount "72"]
[EventDate "2010.07.10"]
[EventType "swiss"]
[EventRounds "9"]
[EventCountry "GER"]
[SourceTitle "CBM 137 Extra"]
[Source "ChessBase"]
[SourceDate "2010.09.01"]
[SourceVersion "1"]
[SourceVersionDate "2010.09.01"]
[SourceQuality "1"]

1. e4 c5 2. Nf3 d6 3. Nc3 Nf6 4. d4 cxd4 5. Nxd4 a6 6. a4 b6 7. Bc4 e6 8. 0-0 Qc7 9. b3 Bb7 10. f3 Nbd7 11. Bb2 Ne5 12. Bd3 Be7 13. f4 Ned7 14. Qe2 Qc5 15. Nd1 e5 16. Qf2 exd4 17. Bxd4 Qc7 18. e5 Ne4 19. Qe3 d5 20. e6 fxe6 21. Bxg7 Bc5 22. Bd4 Bxd4 23. Qxd4 Qc5 24. Qxc5 Ndxc5 25. Nf2 Nxf2 26. Rxf2 Nxd3 27. cxd3 Kd7 28. d4 Kd6 29. g4 Rhg8 30. h3 Bc8 31. Re1 Bd7 32. Re5 Rac8 33. Re3 Rc1+ 34. Kg2 Rd1 35. Ref3 Rxd4 36. f5 exf5 0-1